|
|
|
|
| LEADER |
00000ny a22000003n 4500 |
| 005 |
20110523130533.0 |
| 008 |
080508t2005 sp s 000 0 spa c |
| 020 |
|
|
|a 847698751X
|
| 035 |
|
|
|a 1231
|
| 040 |
|
|
|a UMA.RE
|d vLex
|
| 080 |
|
|
|a 347.94(0.034)
|
| 090 |
|
|
|c 155
|d 155
|
| 100 |
1 |
|
|a Uriarte Cordn̤, Aner
|
| 245 |
1 |
0 |
|a Aspectos practicos de la prueba civil
|h [Recurso electrn̤ico]
|c Aner Uriarte Cordn̤
|
| 256 |
|
|
|a Servicio en ln̕ea
|
| 260 |
|
|
|a Madrid:
|b Bosch,
|c 2005
|
| 506 |
1 |
|
|a Contenido solo disponible en los productos indicados
|d vLex Global
|d vLex Global (Academic Edition, excluding Law Schools)
|d vLex Global (U.S. Academic Edition, Law Schools)
|d vLex Global (U.S. Academic Edition, excluding Law Schools)
|d vLex Global (Academic Edition, Law Schools)
|
| 650 |
0 |
7 |
|a Procesal
|2 Tesauro vLex
|
| 650 |
0 |
7 |
|a Prova Testemunhal Convincente
|2 Tesauro vLex
|
| 650 |
0 |
7 |
|a Prueba
|2 Tesauro vLex
|
| 740 |
0 |
|
|a vLex Libros (Servicios en ln̕ea)
|
| 856 |
4 |
0 |
|u http://vlex.com/source/1231
|z Acceso restringido
|
| 942 |
|
|
|c BOOK
|
| 999 |
0 |
|
|a Procedure (Law)
|b Spain
|